| 000 | 00846nam a22001937a 4500 | ||
|---|---|---|---|
| 999 |
_c11762 _d11762 |
||
| 003 | AR-CdUCM | ||
| 008 | 190404b ||||| |||| 00| 0 spa d | ||
| 040 |
_aMUNICIPALIDAD PROVINCIAL DEL CUSCO _cBIBLIOTECA MUNICIPAL DEL CUSCO |
||
| 082 |
_a338.85 / _bP48 |
||
| 100 |
_aPeyret, Henry. _929276 |
||
| 245 | _aLa batalla de los Trusts / | ||
| 260 |
_aArgentina : _bEditorial universitaria de Buenos aires, _c1961. |
||
| 300 |
_a61 paginas _c24 cm. |
||
| 440 |
_aCuaderno de Eudeba _n53 _929277 |
||
| 505 | _aContenido :Que es un Trust -- ¿Ha terminado la batalla de los truts en los Estados Unidos? -- La triple batalla de los trusts en Gran Bretaña -- La batalla de los trusts japoneses a favor o en contra del estado -- Los trusts y el problema social ... ¿ | ||
| 650 |
_aBatalla _914432 |
||
| 942 |
_2ddc _cLIBROS |
||
| 945 | _arum | ||